El profesional en ciencias económicas y la ética (2ª parte) (Registro nro. 11360)

Detalles MARC
000 -LEADER
fixed length control field 00327 a2200109 4500
001 - CONTROL NUMBER
control field ART_6248
005 - DATE AND TIME OF LATEST TRANSACTION
control field 20260410161619.0
008 - FIXED-LENGTH DATA ELEMENTS--GENERAL INFORMATION
fixed length control field 260409a
100 1# - MAIN ENTRY--PERSONAL NAME
Personal name Melzi, Flavia Irene
245 10 - TITLE STATEMENT
Title El profesional en ciencias económicas y la ética (2ª parte)
773 0# - HOST ITEM ENTRY
Title Enfoques
Related parts - Nº 9 (sep. 2008)
Record control number REV416

No hay ítems disponibles.